000 00971nmm a2200289 a 4500
001 ocm0001682929
003 TR-IsHL
005 20201028170115.0
008 171229s2016 tu tur
007 cr cn
020 _a9786054635337
035 _a1682929
_b(N$T)
050 0 4 _aPL235
_b.K33 2016
090 0 4 _aPL235
_b.K33 2016
245 1 0 _aKadı Şefî'î dîvânı
_h[electronic resource] /
_chazırlayan Songül Aydın Yağcıoğlu ; editör Eren Yalçın
250 _aBirinci basım
260 _aİstanbul :
_bDün Bugün Yarın Yayınları,
_c2016
300 _a294 p.
650 4 _aDil ve Edebiyat
650 4 _aLanguage and Literature
650 0 _aDivan edebiyatı
650 0 _aDivan literature
650 7 _aLITERARY COLLECTIONS / Middle Eastern
_2bisacsh
700 1 _aYağcıoğlu, Songül Aydın
700 1 _aYalçın, Eren
856 4 0 _uhttp://search.ebscohost.com/login.aspx?direct=true&scope=site&db=e011xww&AN=1682929
999 _c16099
_d16099